[Event "Emerald City Open"]
[Site "Chess.com"]
[Date "2020.06.20"]
[Round "?"]
[White "Shahinyan, David"]
[Black "Lu, Ryan"]
[Result "1-0"]
[WhiteElo "2506"]
[BlackElo "1948"]
[PlyCount "65"]
[EventDate "2020.??.??"]

1. Nf3 d5 2. g3 Nf6 3. Bg2 e6 4. O-O Be7 5. d3 O-O 6. Nbd2 c5 7. e4 dxe4 8.
dxe4 Nc6 9. Qe2 e5 10. c3 Be6 11. Nc4 Qc7 12. Bg5 h6 13. Bxf6 Bxf6 14. Ne3 Rad8
15. Rfd1 Ne7 16. h4 Rxd1+ 17. Rxd1 Bxa2 18. Ra1 Be6 19. Rxa7 Nc6 20. Ra1 Rd8
21. Nh2 Be7 22. Nd5 Bxd5 23. exd5 Nb8 24. Ng4 Nd7 25. Ne3 Nf6 26. Qb5 Ne8 27.
Nc4 Nd6 28. Nxd6 Rxd6 29. Qe8+ Kh7 30. Be4+ g6 31. Qxf7+ Kh8 32. Ra8+ Rd8 33.
Bxg6 1-0

[Event "Emerald City Open"]
[Site "Chess.com"]
[Date "2020.06.20"]
[Round "?"]
[White "Shahinyan, David"]
[Black "Talukdar, Rohan"]
[Result "1-0"]
[WhiteElo "2506"]
[BlackElo "2402"]
[PlyCount "107"]
[EventDate "2020.??.??"]

1. e4 c5 2. Nc3 a6 3. g3 b5 4. Bg2 Bb7 5. d3 e6 6. Nh3 Nf6 7. O-O b4 8. Ne2 Be7
9. f4 O-O 10. Nf2 d5 11. g4 Nc6 12. g5 Ne8 13. h4 f5 14. exd5 exd5 15. d4 c4
16. Kh2 Nc7 17. Ng1 c3 18. b3 Bd6 19. Nf3 Ne6 20. Nd3 a5 21. Re1 Re8 22. Nde5
a4 23. Be3 Qb6 24. Qd3 Ne7 25. Qf1 Ra5 26. h5 Ba6 27. Qf2 Nc6 28. Rad1 Bc8 29.
Qg3 axb3 30. axb3 Ra2 31. Re2 Rf8 32. Nh4 Bxe5 33. dxe5 d4 34. Bg1 Ne7 35. Nf3
Ba6 36. Rf2 Rd8 37. Ne1 Nc5 38. Qh4 Qe6 39. Nf3 d3 40. g6 h6 41. cxd3 Rxf2 42.
Bxf2 Nxb3 43. Ne1 Nd2 44. Bc5 Re8 45. Bxb4 Qb3 46. Bxe7 Qxd1 47. Bd5+ Kh8 48.
Bf6 Qe2+ 49. Ng2 Nf3+ 50. Bxf3 Qxf3 51. Bxg7+ Kg8 52. Qf6 Qxh5+ 53. Kg3 Qg4+
54. Kf2 1-0

[Event "Emerald City Open"]
[Site "Chess.com"]
[Date "2020.06.20"]
[Round "?"]
[White "Raptis, Nick"]
[Black "Lenderman, Aleksandr"]
[Result "1-0"]
[WhiteElo "2393"]
[BlackElo "2717"]
[PlyCount "217"]
[EventDate "2020.??.??"]

1. d4 Nf6 2. c4 e6 3. Nf3 a6 4. Nc3 d5 5. a4 Bb4 6. Bd2 O-O 7. e3 b6 8. cxd5
exd5 9. Bd3 Bd6 10. O-O Re8 11. Qc2 c5 12. e4 c4 13. e5 cxd3 14. Qxd3 Nc6 15.
exd6 Qxd6 16. Rfe1 Bg4 17. Ne5 Nb4 18. Qg3 Bf5 19. Bf4 Nh5 20. Qg5 Nxf4 21.
Qxf5 f6 22. Qd7 Qxd7 23. Nxd7 Red8 24. Nxb6 Rab8 25. a5 Nc2 26. g3 Nxa1 27.
Rxa1 Ne6 28. Rd1 Nc7 29. b4 Rd6 30. Nca4 Rc6 31. Nc5 Kf7 32. Kf1 Rd8 33. Kg1
Na8 34. Nba4 Rb8 35. Rb1 g5 36. Kf1 h5 37. Ke2 Nc7 38. Nb6 Rh8 39. Kd3 Rb8 40.
Ncd7 Re8 41. Nc5 Nb5 42. Rd1 Kg6 43. Rd2 Re1 44. Re2 Rxe2 45. Kxe2 Nxd4+ 46.
Kd3 Nb5 47. Nxd5 Rd6 48. Kc4 Na3+ 49. Kb3 Rxd5 50. Kxa3 Rd6 51. Ka4 Rd2 52.
Nxa6 Rxf2 53. b5 Ra2+ 54. Kb4 f5 55. Nc5 f4 56. gxf4 gxf4 57. b6 f3 58. b7 Rb2+
59. Nb3 f2 60. b8=Q Rxb3+ 61. Kxb3 f1=Q 62. Qb6+ Kf5 63. Qc5+ Kg6 64. Qc2+ Kf6
65. Qc6+ Kg7 66. Qc7+ Kg6 67. Qd6+ Kg7 68. Kb4 Qb1+ 69. Kc5 Qc2+ 70. Kb6 Qf2+
71. Qc5 Qb2+ 72. Qb5 Qxh2 73. Qg5+ Kf7 74. Qf5+ Ke7 75. Qe4+ Kd8 76. Qd5+ Kc8
77. Qg8+ Kd7 78. Qf7+ Kd8 79. Qf6+ Kd7 80. Qc6+ Kd8 81. Kb7 Qe2 82. Qb6+ Kd7
83. Qc7+ Ke8 84. a6 Qb2+ 85. Kc8 Qa3 86. Qd7+ Kf8 87. a7 Qa6+ 88. Kb8 Qb6+ 89.
Qb7 Qd6+ 90. Qc7 Qb4+ 91. Kc8 Qe4 92. Qc5+ Kg7 93. Kb8 Qe8+ 94. Kb7 Qe4+ 95.
Qc6 Qb4+ 96. Kc7 Qa5+ 97. Qb6 Qe5+ 98. Kb7 Qe4+ 99. Qc6 Qb4+ 100. Kc8 Qf8+ 101.
Kc7 Qf4+ 102. Qd6 Qc4+ 103. Kd8 Qg8+ 104. Kd7 Qa8 105. Qe5+ Kh6 106. Qf6+ Kh7
107. Qe7+ Kh6 108. Qe3+ Kg6 109. Qe8+ 1-0

[Event "Emerald City Open"]
[Site "Chess.com"]
[Date "2020.06.21"]
[Round "?"]
[White "Shahinyan, David"]
[Black "Raptis, Nick"]
[Result "1-0"]
[WhiteElo "2506"]
[BlackElo "2393"]
[PlyCount "93"]
[EventDate "2020.??.??"]

1. e4 e6 2. d3 d5 3. Nd2 Nf6 4. Ngf3 Bc5 5. e5 Nfd7 6. d4 Be7 7. Bd3 c5 8. c3
Nc6 9. O-O g5 10. Qe2 g4 11. Ne1 cxd4 12. cxd4 Nxd4 13. Qxg4 Nc6 14. Qg7 Rf8
15. Ndf3 Qc7 16. Bf4 Nc5 17. Qxh7 Bd7 18. Bh6 Nxe5 19. Nxe5 Qxe5 20. Bxf8 Bxf8
21. Nf3 Qxb2 22. Rab1 Qf6 23. Rfe1 O-O-O 24. Ne5 Nxd3 25. Qxd3 Bc5 26. Qc2 b6
27. Nd3 Qd4 28. Rb4 Qxd3 29. Qxd3 Bxb4 30. Rc1+ Bc5 31. h4 Bc6 32. h5 d4 33. h6
Rg8 34. h7 Rxg2+ 35. Kf1 Rh2 36. Qg3 Rh1+ 37. Ke2 Rxc1 38. h8=Q+ Kb7 39. Qgb8+
Ka6 40. Qhc8+ Kb5 41. a4+ Kc4 42. Qxc6 d3+ 43. Kf3 d2 44. Qf4+ Kc3 45. Qe3+ Kc2
46. Qce4+ Kd1 47. Qe2# 1-0

[Event "Emerald City Open"]
[Site "Chess.com"]
[Date "2020.06.21"]
[Round "?"]
[White "Mahajan, Rushaan"]
[Black "Shahinyan, David"]
[Result "1/2-1/2"]
[WhiteElo "2208"]
[BlackElo "2506"]
[PlyCount "122"]
[EventDate "2020.??.??"]

1. Nf3 d5 2. g3 Nc6 3. d4 Bg4 4. Bg2 e6 5. c4 Nf6 6. O-O Bd6 7. Nc3 O-O 8. cxd5
Nxd5 9. h3 Bh5 10. e3 Nb6 11. b3 e5 12. g4 Bg6 13. dxe5 Nxe5 14. Nxe5 Bxe5 15.
Bb2 c6 16. Qxd8 Rfxd8 17. Rfd1 Bc2 18. Rxd8+ Rxd8 19. f4 Bf6 20. g5 Be7 21. Ne4
Bxe4 22. Bxe4 Bc5 23. Re1 Rd2 24. Bd4 Bxd4 25. exd4 Kf8 26. Bxh7 Rxd4 27. Be4
Rd2 28. a3 a5 29. h4 Nd5 30. Bxd5 cxd5 31. Rc1 d4 32. Rc7 Rb2 33. Rxb7 d3 34.
Rd7 Rxb3 35. Kf2 Rxa3 36. Ke3 g6 37. Ra7 a4 38. Kd2 Ra1 39. Kxd3 a3 40. Kc2 a2
41. Kb2 Rf1 42. Ra4 Rf2+ 43. Ka1 Ke7 44. Ra7+ Ke6 45. Ra6+ Ke7 46. Ra7+ Kf8 47.
Ra8+ Kg7 48. Ra4 Rh2 49. Rb4 Kf8 50. Rb8+ Kg7 51. Rb4 Rxh4 52. Kxa2 Kf8 53.
Rb8+ Ke7 54. Rb7+ Ke6 55. Rb6+ Kd5 56. Rf6 Ke4 57. Rxf7 Rxf4 58. Rf6 Rg4 59.
Rxg6 Kf5 60. Rg8 Rxg5 61. Rxg5+ Kxg5 1/2-1/2

[Event "Emerald City Open"]
[Site "Chess.com"]
[Date "2020.06.21"]
[Round "?"]
[White "Lenderman, Aleksandr"]
[Black "Mahajan, Rushaan"]
[Result "1-0"]
[WhiteElo "2717"]
[BlackElo "2208"]
[PlyCount "49"]
[EventDate "2020.??.??"]

1. d4 Nf6 2. c4 e6 3. Nc3 Bb4 4. Qc2 c5 5. dxc5 Na6 6. a3 Bxc3+ 7. Qxc3 Nxc5 8.
f3 a5 9. e4 d6 10. Be3 Qb6 11. Rd1 O-O 12. b4 axb4 13. axb4 Na4 14. Qd2 Qc7 15.
Qxd6 Qxd6 16. Rxd6 Nc3 17. Bd3 Ra1+ 18. Kd2 Na4 19. Bd4 Ra2+ 20. Bc2 b6 21. Ne2
Bb7 22. Ra1 Nb2 23. Bxb2 Rxb2 24. Kc3 Ne8 25. Rxb6 1-0

[Event "Emerald City Open"]
[Site "Chess.com"]
[Date "2020.06.21"]
[Round "?"]
[White "Jin, Derek"]
[Black "Raptis, Nick"]
[Result "1/2-1/2"]
[WhiteElo "2152"]
[BlackElo "2393"]
[PlyCount "103"]
[EventDate "2020.??.??"]

1. e4 e6 2. d4 d5 3. Nd2 Nf6 4. e5 Nfd7 5. Bd3 c5 6. c3 Nc6 7. Ne2 cxd4 8. cxd4
f6 9. exf6 Nxf6 10. Nf3 Bd6 11. O-O O-O 12. Bf4 Bxf4 13. Nxf4 Ne4 14. Ne2 Rxf3
15. gxf3 Ng5 16. f4 Nh3+ 17. Kg2 Qh4 18. f3 Nxf4+ 19. Nxf4 Qxf4 20. Qc1 Qxd4
21. Qc3 Bd7 22. Qxd4 Nxd4 23. Rac1 Nc6 24. f4 Kf7 25. Rcd1 Kf6 26. Bb1 g6 27.
h4 Rg8 28. Kf2 Ke7 29. a3 Kd6 30. Rd2 Rf8 31. Kg3 Ne7 32. Re1 Ng8 33. Be4 Nf6
34. Bf3 Rc8 35. Ree2 Ba4 36. Re3 Bc2 37. Rc3 Rxc3 38. bxc3 Ne4+ 39. Bxe4 Bxe4
40. Rb2 b6 41. Kf2 Kc5 42. Ke3 Kc4 43. Kd2 b5 44. a4 a6 45. axb5 axb5 46. Rb4+
Kc5 47. Ke3 Bf5 48. Rd4 Bh3 49. Kf2 h6 50. Ke3 Bf5 51. Rb4 Bc2 52. Rd4 1/2-1/2

[Event "Emerald City Open"]
[Site "Chess.com"]
[Date "2020.06.21"]
[Round "?"]
[White "Talukdar, Rohan"]
[Black "Jin, Derek"]
[Result "0-1"]
[WhiteElo "2402"]
[BlackElo "2152"]
[PlyCount "160"]
[EventDate "2020.??.??"]

1. e4 c5 2. Nf3 d6 3. d4 cxd4 4. Nxd4 Nf6 5. Nc3 Nc6 6. f3 e5 7. Nb3 Be7 8. Be3
O-O 9. Qd2 a5 10. Bb5 Na7 11. Bd3 Nc6 12. a3 a4 13. Nc1 Be6 14. N1e2 d5 15.
exd5 Nxd5 16. Nxd5 Qxd5 17. Nc3 Qd8 18. O-O Nd4 19. Qf2 Bc5 20. Ne4 Be7 21. f4
Nf5 22. fxe5 Nxe3 23. Qxe3 Ra5 24. Nf6+ gxf6 25. Qh6 f5 26. Rf3 Qd4+ 27. Kf1
Qxe5 28. Rh3 Rd8 29. Re1 Qf6 30. Qxh7+ Kf8 31. Rg3 Ke8 32. Rd1 Rad5 33. h4 Bf8
34. h5 Qh6 35. Qg8 f4 36. Rg6 Qxh5 37. Rxe6+ Kd7 38. Ree1 Kc7 39. Be2 Qh1+ 40.
Kf2 Qxe1+ 41. Kxe1 Rxd1+ 42. Bxd1 Bb4+ 43. axb4 Rxg8 44. Bf3 b5 45. Kd2 Re8 46.
Kd3 Kd6 47. Kd4 Rc8 48. c3 Re8 49. Kd3 Re3+ 50. Kc2 Ke6 51. Kd2 Kf6 52. Bc6 Re5
53. c4 bxc4 54. Kc3 Ke6 55. Kxc4 Kd6 56. Bf3 Kc7 57. Kd4 f6 58. Bd1 Kb6 59.
Bxa4 Re2 60. b3 f5 61. Kd3 Rxg2 62. Bd7 Rg3+ 63. Ke2 Rxb3 64. b5 Kc5 65. Kf2
Kd4 66. Bc6 Ke5 67. Ke2 Kf6 68. Kd2 Kg5 69. Kc2 Rh3 70. Kd2 Kg4 71. b6 Rh8 72.
b7 Kg3 73. Bd7 Rb8 74. Bc8 Kg2 75. Bxf5 f3 76. Be4 Kf2 77. Kd3 Kg3 78. Ke3 f2
79. Ke2 Rf8 80. Kf1 Re8 0-1

[Event "Emerald City Open"]
[Site "Chess.com"]
[Date "2020.06.21"]
[Round "?"]
[White "Lu, Ryan"]
[Black "Wang, Ze"]
[Result "0-1"]
[WhiteElo "1948"]
[BlackElo "2135"]
[PlyCount "64"]
[EventDate "2020.??.??"]

1. e4 e5 2. Nf3 Nf6 3. Nxe5 d6 4. Nf3 Nxe4 5. Nc3 Nxc3 6. dxc3 Be7 7. Bc4 Nc6
8. Be3 Bg4 9. h3 Bh5 10. Qd5 Bg6 11. h4 h5 12. O-O-O Qd7 13. Ng5 Rf8 14. Bd4
Nxd4 15. Qxb7 Qa4 16. Bb3 Qc6 17. Qb4 Nxb3+ 18. axb3 Bxg5+ 19. hxg5 O-O-O 20.
Qa5 Qb6 21. Qd5 Qxf2 22. Rd2 Qf5 23. Qd4 Qa5 24. Kb1 Rfe8 25. Qxg7 Qe5 26. Qf6
Qxf6 27. gxf6 Re5 28. Rf1 Rde8 29. Rf4 Re4 30. Rff2 R8e5 31. c4 Re1+ 32. Ka2
Ra5# 0-1

[Event "Emerald City Open"]
[Site "Chess.com"]
[Date "2020.06.20"]
[Round "?"]
[White "Lenderman, Aleksandr"]
[Black "Guha, Eshan"]
[Result "1-0"]
[WhiteElo "2717"]
[BlackElo "2129"]
[PlyCount "167"]
[EventDate "2020.??.??"]

1. Nf3 Nf6 2. c4 e6 3. Nc3 d5 4. d4 Be7 5. g3 O-O 6. Bg2 b6 7. cxd5 exd5 8. O-O
Bb7 9. Bf4 Na6 10. Ne5 c5 11. dxc5 Nxc5 12. Rc1 Nfe4 13. Nxe4 dxe4 14. Qc2 Rc8
15. Qb1 Bg5 16. Rfd1 Qf6 17. Rxc5 bxc5 18. Nd7 Qf5 19. Bxg5 Qxg5 20. Nxf8 Rxf8
21. Bxe4 Bxe4 22. Qxe4 g6 23. b3 Rd8 24. Rxd8+ Qxd8 25. Kg2 Qa5 26. a4 Qb6 27.
Qd5 Qc7 28. e4 Qe7 29. a5 Qc7 30. a6 Qb6 31. Qb7 Qe6 32. h3 Kg7 33. Qxa7 Qxe4+
34. Kh2 Qe2 35. Qb7 c4 36. bxc4 Qxf2+ 37. Qg2 Qa7 38. Qb2+ Kg8 39. Qa2 h5 40.
h4 g5 41. hxg5 h4 42. gxh4 Qc7+ 43. Kg2 Qc6+ 44. Kg1 Qb6+ 45. Kf1 Qc6 46. Kf2
Qc5+ 47. Kg2 Qc6+ 48. Kg1 Qb6+ 49. Qf2 Qxa6 50. Qd4 Qa2 51. c5 Qb1+ 52. Kf2
Qf5+ 53. Kg3 Qe6 54. Qd8+ Kh7 55. Qd3+ Kg8 56. Qc3 Qc6 57. Qe5 Qb5 58. Qd4 Qb3+
59. Kf4 Qb8+ 60. Qd6 Qb4+ 61. Ke5 Qxh4 62. Qd8+ Kg7 63. Qf6+ Kg8 64. Kd6 Qg3+
65. Qe5 Qd3+ 66. Kc7 Qa6 67. c6 Qa7+ 68. Kd8 Qa8+ 69. Kd7 Qa4 70. Qf6 Qg4+ 71.
Kd8 Qd1+ 72. Kc7 Qa4 73. Qf5 Qa7+ 74. Kd8 Qd4+ 75. Kc8 Qa7 76. c7 Qa8+ 77. Kd7
Qb7 78. g6 fxg6 79. Qxg6+ Kh8 80. Qf6+ Kh7 81. Qf7+ Kh8 82. Qf8+ Kh7 83. Qc5
Kg8 84. Kd8 1-0

[Event "Emerald City Open"]
[Site "Chess.com"]
[Date "2020.06.20"]
[Round "?"]
[White "Vijayakumar, Advaith"]
[Black "Raptis, Nick"]
[Result "0-1"]
[WhiteElo "2026"]
[BlackElo "2393"]
[PlyCount "112"]
[EventDate "2020.??.??"]

1. d4 Nf6 2. c4 g6 3. g3 Bg7 4. Bg2 O-O 5. Nf3 d6 6. O-O Nc6 7. Nc3 Bf5 8. d5
Na5 9. Nd2 c5 10. e4 Bd7 11. Qc2 a6 12. b3 b5 13. Bb2 bxc4 14. bxc4 Rb8 15.
Rab1 Bh6 16. f4 e5 17. Nd1 exf4 18. gxf4 Nh5 19. f5 Bxd2 20. fxg6 hxg6 21. Qxd2
Nxc4 22. Qc3 Nxb2 23. Nxb2 Qg5 24. Kh1 Nf4 25. Bf3 Bb5 26. Rg1 Qe5 27. Qxe5
dxe5 28. Rgc1 Rfc8 29. a4 Be2 30. Bxe2 Nxe2 31. Re1 Nc3 32. Rbc1 Rxb2 33. Rxc3
Rb4 34. Rec1 Rxa4 35. d6 Rxe4 36. Rxc5 Re1+ 37. Rxe1 Rxc5 38. Rd1 Rc8 39. Ra1
Ra8 40. d7 Rd8 41. Rxa6 Rxd7 42. Kg2 Kg7 43. Ra5 Re7 44. Kf3 f5 45. Ra6 Kf7 46.
h4 Re6 47. Ra7+ Kf6 48. Rh7 Ra6 49. h5 e4+ 50. Kf2 Ra2+ 51. Ke3 Ra3+ 52. Kf2
gxh5 53. Rxh5 Ke5 54. Rh8 Ra2+ 55. Ke1 f4 56. Rd8 f3 0-1

[Event "Emerald City Open"]
[Site "Chess.com"]
[Date "2020.06.20"]
[Round "?"]
[White "Talukdar, Rohan"]
[Black "Bell, Harry"]
[Result "1-0"]
[WhiteElo "2402"]
[BlackElo "2000"]
[PlyCount "97"]
[EventDate "2020.??.??"]

1. e4 e5 2. Nf3 Nf6 3. Nxe5 d6 4. Nf3 Nxe4 5. c4 Be7 6. d4 Bf5 7. Bd3 Bg6 8.
O-O O-O 9. Re1 Nf6 10. Bxg6 hxg6 11. Nc3 Re8 12. d5 Nbd7 13. h3 a5 14. Be3 Nc5
15. Qc2 Qd7 16. Nb5 Na6 17. Rad1 Bf8 18. Nfd4 Re7 19. a3 Rae8 20. Qa4 c5 21.
dxc6 bxc6 22. Nc3 c5 23. Ndb5 Ne4 24. Qxa5 Nb8 25. Nd5 Re5 26. Bf4 Nc6 27. Qc7
Qf5 28. Qxc6 Rxd5 29. Qxe8 Rxd1 30. Rxd1 Qxf4 31. Rf1 Nd2 32. Re1 Nxc4 33. Qe4
Qxe4 34. Rxe4 Nxb2 35. Nc3 f5 36. Re2 Nc4 37. a4 Kf7 38. Nd5 Na5 39. f4 Nc6 40.
Kf2 Nd4 41. Re3 Nc2 42. a5 Nxe3 43. Kxe3 Ke6 44. a6 Kxd5 45. a7 Be7 46. a8=Q+
Ke6 47. Qe8 Kf6 48. g4 fxg4 49. hxg4 1-0

[Event "Emerald City Open"]
[Site "Chess.com"]
[Date "2020.06.20"]
[Round "?"]
[White "Bagchi, Sounak"]
[Black "Jin, Derek"]
[Result "0-1"]
[WhiteElo "1995"]
[BlackElo "2152"]
[PlyCount "236"]
[EventDate "2020.??.??"]

1. e4 c5 2. Nf3 d6 3. d4 cxd4 4. Qxd4 Nc6 5. Bb5 Bd7 6. Qd3 Nf6 7. c4 g6 8. Nc3
Bg7 9. O-O O-O 10. h3 a6 11. Bxc6 Bxc6 12. Nd4 Nd7 13. Be3 Nc5 14. Qc2 Ne6 15.
Qd2 Nxd4 16. Bxd4 b5 17. Bxg7 Kxg7 18. Qd4+ Kg8 19. cxb5 axb5 20. a3 Qd7 21.
Rfe1 Qa7 22. Rad1 Qxd4 23. Rxd4 Rfd8 24. Red1 f6 25. f4 Rdc8 26. Re1 Rd8 27.
Red1 Rdc8 28. g3 Kf7 29. Kf2 Ra7 30. Ke3 h5 31. h4 Rb8 32. Rb4 Rab7 33. Rc1 Bd7
34. Re1 Rc7 35. a4 Rcb7 36. a5 Ra7 37. Ra1 Rba8 38. Nxb5 Rxa5 39. Rxa5 Rxa5 40.
Nc3 Ra7 41. Kd2 f5 42. Rd4 fxe4 43. Nxe4 Bf5 44. Ng5+ Kf6 45. Rc4 e5 46. fxe5+
Kxe5 47. Nf3+ Kd5 48. Rd4+ Kc5 49. b4+ Kc6 50. Rf4 Ra2+ 51. Kc3 Bg4 52. Nd4+
Kd5 53. Nc2 Bf5 54. Ne3+ Ke5 55. Nxf5 gxf5 56. b5 Ra3+ 57. Kd2 Rxg3 58. Rb4 Rg7
59. b6 Rb7 60. Ke3 d5 61. Rb5 f4+ 62. Kf3 Kd6 63. Kxf4 Kc6 64. Ra5 Rxb6 65. Ke5
Rb1 66. Ra6+ Kc5 67. Ra5+ Kc4 68. Ra4+ Kb5 69. Rd4 Kc6 70. Rd2 Rc1 71. Kf5 Rg1
72. Ke5 Re1+ 73. Kf5 Kc5 74. Kg5 Re5+ 75. Kf6 Re8 76. Kg6 Re5 77. Kf6 Re1 78.
Kg5 Rg1+ 79. Kxh5 d4 80. Kh6 Kc4 81. h5 Kc3 82. Rh2 d3 83. Rh3 Rg2 84. Kh7 Kd4
85. h6 d2 86. Rh1 Ke5 87. Kh8 Rh2 88. Rxh2 d1=Q 89. Rf2 Qd8+ 90. Kg7 Qg5+ 91.
Kh7 Ke6 92. Re2+ Kf5 93. Rf2+ Ke4 94. Rf7 Ke5 95. Rf1 Ke6 96. Re1+ Kd5 97. Rd1+
Ke4 98. Re1+ Kf3 99. Rf1+ Kg2 100. Rf7 Kh3 101. Rg7 Qf5+ 102. Kg8 Qe6+ 103. Kh7
Kh4 104. Rg1 Qe4+ 105. Kg8 Qd5+ 106. Kh7 Kh5 107. Ra1 Qf7+ 108. Kh8 Qf6+ 109.
Kg8 Qxa1 110. h7 Qa8+ 111. Kg7 Qb7+ 112. Kg8 Qc8+ 113. Kg7 Qd7+ 114. Kg8 Qe8+
115. Kg7 Qe7+ 116. Kg8 Kh6 117. h8=Q+ Kg6 118. Qf6+ Kxf6 0-1

[Event "Emerald City Open"]
[Site "Chess.com"]
[Date "2020.06.21"]
[Round "?"]
[White "Lenderman, Aleksandr"]
[Black "Bagchi, Sounak"]
[Result "1-0"]
[WhiteElo "2717"]
[BlackElo "1995"]
[PlyCount "79"]
[EventDate "2020.??.??"]

1. d4 Nf6 2. c4 c5 3. d5 e6 4. Nc3 exd5 5. cxd5 d6 6. e4 g6 7. h3 Bg7 8. Nf3
O-O 9. Bd3 Re8 10. O-O Na6 11. Re1 Nc7 12. a4 b6 13. Bf4 Ba6 14. Bb5 Bxb5 15.
axb5 Nh5 16. Bh2 Bxc3 17. bxc3 Nxb5 18. c4 Nc7 19. e5 dxe5 20. Nxe5 Ng7 21. Qf3
Nf5 22. g4 Nd6 23. Qf4 Rxe5 24. Rxe5 a5 25. Rae1 a4 26. Re7 Nce8 27. Qe5 a3 28.
Bf4 a2 29. Qa1 Qc8 30. Bh6 f6 31. Kh2 Ra3 32. R1e6 Qa8 33. Rxd6 Nxd6 34. Rg7+
Kh8 35. Rf7 Ne4 36. Rxf6 Nc3 37. Rf8+ Qxf8 38. Bxf8 Kg8 39. Bh6 Rb3 40. Qe1 1-0

[Event "Emerald City Open"]
[Site "Chess.com"]
[Date "2020.06.20"]
[Round "?"]
[White "Mahajan, Rushaan"]
[Black "Vega, Isaac"]
[Result "1-0"]
[WhiteElo "2208"]
[BlackElo "1972"]
[PlyCount "115"]
[EventDate "2020.??.??"]

1. Nf3 Nf6 2. g3 g6 3. b3 Bg7 4. Bb2 O-O 5. Bg2 d6 6. d4 c6 7. O-O Nbd7 8. Qd2
Re8 9. c4 a5 10. Nc3 e5 11. dxe5 dxe5 12. e3 Qe7 13. Rfd1 e4 14. Ng5 Nc5 15.
Ba3 Qe5 16. Bxc5 Qxg5 17. Bb6 Bg4 18. Re1 Qh5 19. Rac1 Bf3 20. h3 Re6 21. Ne2
g5 22. Bc7 Ne8 23. g4 Qg6 24. Bh2 h5 25. gxh5 Qxh5 26. Ng3 Qg6 27. Bxf3 exf3
28. Qc2 g4 29. Qxg6 Rxg6 30. Nf5 gxh3+ 31. Kh1 Bf6 32. Rcd1 Rg2 33. Bg3 Ng7 34.
e4 Nxf5 35. exf5 a4 36. Rd3 axb3 37. axb3 Rxg3 38. fxg3 f2 39. Rf1 Ra2 40. Rf3
Bd4 41. Kh2 c5 42. Kxh3 Kg7 43. g4 Re2 44. g5 Re1 45. Kg2 Re4 46. Kg3 Re1 47.
R1xf2 Bxf2+ 48. Rxf2 Rg1+ 49. Kf4 Re1 50. Rf3 Rd1 51. Re3 Rd4+ 52. Re4 Rd3 53.
Re7 Rxb3 54. g6 Rb4 55. Rxf7+ Kg8 56. Kg5 Rxc4 57. Rxb7 Rc1 58. Kf6 1-0

[Event "Emerald City Open"]
[Site "Chess.com"]
[Date "2020.06.21"]
[Round "?"]
[White "Talukdar, Rohan"]
[Black "Vega, Isaac"]
[Result "1-0"]
[WhiteElo "2402"]
[BlackElo "1972"]
[PlyCount "69"]
[EventDate "2020.??.??"]

1. e4 c5 2. Nf3 e6 3. d4 cxd4 4. Nxd4 a6 5. Nc3 Qc7 6. Bd3 Nf6 7. f4 d6 8. Qf3
b5 9. Be3 Bb7 10. g4 h6 11. O-O-O Nbd7 12. Kb1 b4 13. Nce2 Nc5 14. Ng3 d5 15.
e5 Nfe4 16. Bxe4 dxe4 17. Qf2 Bd5 18. Nh5 Nd7 19. f5 Nxe5 20. Qg3 Qa5 21. Nb3
Bxb3 22. axb3 f6 23. fxe6 Rc8 24. Qf4 Qc7 25. Qxe4 Qc6 26. Rd5 Qxe6 27. Bd4 Rd8
28. Rxd8+ Kxd8 29. Bxe5 fxe5 30. Rd1+ Kc7 31. Nf4 Qc6 32. Qxe5+ Bd6 33. Qxg7+
Kb6 34. Qxh8 Bxf4 35. Qd4+ 1-0

[Event "Emerald City Open"]
[Site "Chess.com"]
[Date "2020.06.20"]
[Round "?"]
[White "Moore, Michael"]
[Black "Lenderman, Aleksandr"]
[Result "0-1"]
[WhiteElo "1950"]
[BlackElo "2717"]
[PlyCount "74"]
[EventDate "2020.??.??"]

1. d4 d6 2. e4 Nf6 3. Nc3 e6 4. Be3 Nc6 5. Bd3 e5 6. dxe5 dxe5 7. h3 Bb4 8. Nf3
O-O 9. O-O Bxc3 10. bxc3 Qe7 11. Qe2 Rd8 12. Rfb1 b6 13. Bg5 h6 14. Bh4 g5 15.
Nxg5 hxg5 16. Bxg5 Rd6 17. Qf3 Qe6 18. Bc4 Qxc4 19. Bxf6 Rxf6 20. Qxf6 Qxe4 21.
Re1 Qg6 22. Qh4 Bf5 23. Re3 Qd6 24. Rg3+ Bg6 25. Re1 Kg7 26. Ree3 Rh8 27. Qc4
Ne7 28. Ref3 Nd5 29. Qg4 Nf4 30. Kh2 Rh5 31. Qc8 e4 32. Re3 Rh8 33. Qg4 Nh5 34.
Rxe4 Nf6 35. Qf3 Nxe4 36. Qxe4 Qxg3+ 37. fxg3 Bxe4 0-1

[Event "Emerald City Open"]
[Site "Chess.com"]
[Date "2020.06.21"]
[Round "?"]
[White "Vijayakumar, Advaith"]
[Black "Moore, Michael"]
[Result "1/2-1/2"]
[WhiteElo "2026"]
[BlackElo "1950"]
[PlyCount "87"]
[EventDate "2020.??.??"]

1. d4 Nf6 2. c4 e6 3. Nf3 d5 4. Bg5 Bb4+ 5. Nbd2 O-O 6. e3 c5 7. cxd5 exd5 8.
a3 Bxd2+ 9. Qxd2 c4 10. Be2 Bf5 11. O-O Nbd7 12. Ne5 Ne4 13. Bxd8 Nxd2 14. Nxd7
Bxd7 15. Ba5 Nxf1 16. Kxf1 Bf5 17. Ke1 b6 18. Bb4 Rfe8 19. Bf3 a5 20. Bc3 Be4
21. Bxe4 Rxe4 22. a4 Rae8 23. Kd2 f5 24. g3 g5 25. Kc2 f4 26. gxf4 gxf4 27.
Rg1+ Kf7 28. Rg5 fxe3 29. fxe3 Rxe3 30. Rh5 Kg6 31. Rxd5 Re2+ 32. Kb1 R8e6 33.
Rd7 Rxh2 34. d5 Rf6 35. Bxf6 Kxf6 36. Rd6+ Ke5 37. Rxb6 Kxd5 38. Rb5+ Kd4 39.
Rxa5 h5 40. Ra8 h4 41. Rh8 Kc5 42. Rh5+ Kb6 43. Rb5+ Kc6 44. Rh5 1/2-1/2

[Event "Emerald City Open"]
[Site "Chess.com"]
[Date "2020.06.20"]
[Round "?"]
[White "Goktepe, Derin"]
[Black "Mahajan, Rushaan"]
[Result "0-1"]
[WhiteElo "1930"]
[BlackElo "2208"]
[PlyCount "122"]
[EventDate "2020.??.??"]

1. d4 e6 2. c4 b6 3. Nc3 Bb7 4. Nf3 Bb4 5. e3 Bxc3+ 6. bxc3 d6 7. Bd3 Nd7 8.
O-O Ngf6 9. Bb2 O-O 10. Qc2 Re8 11. e4 e5 12. Rfe1 Nf8 13. Bc1 Ng6 14. h3 Qe7
15. Nh2 Bc8 16. Nf1 Nh5 17. Ne3 Ngf4 18. Nd5 Qg5 19. Nxf4 exf4 20. Kh2 Re6 21.
e5 Rh6 22. exd6 Bxh3 23. gxh3 Nf6 24. Bxf4 Qxf4+ 25. Kg1 Rxh3 26. Be4 Nxe4 27.
Qxe4 Qxe4 28. Rxe4 cxd6 29. Rae1 g6 30. c5 bxc5 31. dxc5 dxc5 32. Rc4 Rh5 33.
Re7 Rf5 34. Rc7 Rb8 35. R7xc5 Rxc5 36. Rxc5 Rb6 37. Ra5 a6 38. Kg2 Rc6 39. Kf1
Kg7 40. Ke2 Kf6 41. Kd3 Ke6 42. c4 h5 43. Kd4 f6 44. Ra3 g5 45. Re3+ Kf5 46.
Kd5 Rc8 47. Rf3+ Kg6 48. c5 g4 49. Rg3 Kg5 50. Kd6 h4 51. Rg1 f5 52. c6 f4 53.
Kd7 Ra8 54. c7 h3 55. c8=Q Rxc8 56. Kxc8 h2 57. Rc1 g3 58. fxg3 fxg3 59. Rc5+
Kf4 60. Rc4+ Ke5 61. Rc5+ Kd4 0-1

[Event "Emerald City Open"]
[Site "Chess.com"]
[Date "2020.06.20"]
[Round "?"]
[White "Tien, Sophie"]
[Black "Talukdar, Rohan"]
[Result "0-1"]
[WhiteElo "1916"]
[BlackElo "2402"]
[PlyCount "114"]
[EventDate "2020.??.??"]

1. e4 c5 2. Nf3 d6 3. Bb5+ Nd7 4. c3 Ngf6 5. Qe2 a6 6. Ba4 e5 7. O-O Be7 8. d4
b5 9. Bc2 O-O 10. h3 Qc7 11. Re1 Re8 12. Bd3 Bf8 13. Nbd2 exd4 14. cxd4 cxd4
15. Nxd4 d5 16. Qf1 Nc5 17. e5 Rxe5 18. Rxe5 Qxe5 19. N2f3 Qd6 20. Be3 Nxd3 21.
Qxd3 Ne4 22. Rc1 Bb7 23. a3 Rc8 24. Rxc8 Bxc8 25. b4 Qc7 26. Kf1 Qc4 27. Ne5
Qxd3+ 28. Nxd3 Nd6 29. Ne1 Nc4 30. Bc1 Be7 31. Ke2 Bf6 32. Kd3 Kf8 33. Nef3 Ke7
34. Ne1 Kd6 35. f4 Bh4 36. Nef3 Bg3 37. Ng5 f6 38. Ngf3 g6 39. Ke2 h6 40. Kd3
Bd7 41. Ng1 g5 42. fxg5 fxg5 43. Nge2 Bf2 44. g4 Ne5+ 45. Kc3 Nxg4 46. hxg4
Bxg4 47. Kd3 Ke5 48. Nc2 Bf5+ 49. Kc3 Bxc2 50. Kxc2 Kf5 51. Kd3 h5 52. Be3 Bxe3
53. Kxe3 h4 54. Kf3 g4+ 55. Ke3 Ke5 56. Nd4 h3 57. Ne2 d4+ 0-1

[Event "Emerald City Open"]
[Site "Chess.com"]
[Date "2020.06.21"]
[Round "?"]
[White "Guha, Eshan"]
[Black "Tien, Sophie"]
[Result "1/2-1/2"]
[WhiteElo "2129"]
[BlackElo "1916"]
[PlyCount "100"]
[EventDate "2020.??.??"]

1. d4 d5 2. c4 e6 3. Nf3 Nf6 4. g3 c6 5. Bg2 Be7 6. O-O O-O 7. Nbd2 Nbd7 8. Qc2
Re8 9. e4 Nxe4 10. Nxe4 dxe4 11. Qxe4 Nf6 12. Qe2 Bd7 13. Ne5 Rc8 14. Bf4 b5
15. b3 Qb6 16. Rfd1 Red8 17. c5 Qb7 18. Bg5 Be8 19. Bxf6 Bxf6 20. Qc2 g6 21. f4
Bg7 22. a4 f6 23. Nf3 a6 24. Bh3 Bf7 25. Re1 Re8 26. Re3 Rcd8 27. Rae1 f5 28.
Rd1 g5 29. fxg5 Bh5 30. d5 cxd5 31. Rc1 d4 32. c6 Qb6 33. a5 Qa7 34. c7 d3 35.
Qf2 d2 36. Nxd2 Rc8 37. Rd3 Rxc7 38. Qxa7 Rxa7 39. Rc6 Ree7 40. Rdd6 Red7 41.
Rxa6 Rxa6 42. Rxd7 Rxa5 43. Kf2 h6 44. gxh6 Bxh6 45. Bf1 Ra2 46. Be2 Bxe2 47.
Kxe2 Rb2 48. Ke1 Bxd2+ 49. Rxd2 Rxb3 50. Kf2 Kg7 1/2-1/2